00820nam a22002537a 45000010005000000030006000050050017000110080041000280200018000690400029000870500017001160820012001331000031001452450050001762500041002262600034002673000023003015050007003245200140003315210018004715210018004896500028005076500031005357287FISKH20250708132432.0250708b cb ||||| |||| 00| 0 eng d a9781406360202 aFISKHbengcFISKHdFISKH a PZ7.H7875 P a823.914 aHorowitz, Anthonyd(1955-) aAlex rider :bPoint blanc /cAnthony Horowitz aThis edition first published in 2015 aLondon :bWalker Books,c2001 a303 pages :c20 cm aR  aFourteen-year-old Alex continues his work as a spy for the British MI6, investigating an exclusive school for boys in the French Alps. 8 a670 bLexile 8 aR bRaz-Plus  2Alex RideraYoung adult 2Anthony HorowitzaTeen spy